{"text_format":"3","workbook":"xlsx","n_sheets":1,"sheets":["t117"],"read":"whole","date_system":"1900"}

{"sheet":"t117","index":0,"n_rows":159,"n_cols":7,"rows_kept":159,"merged":[[0,0,0,6],[30,0,30,5],[46,0,46,5],[142,0,142,5]]}
["TABELA 117.1 - Estatísticas Agrícolas, Município de Canitar, Estado de São Paulo, 2007/08."]
["ITEM","UNIDADE","N.DE UPAs","MÍNIMO","MÉDIO","MÁXIMO","TOTAL"]
["Distância à sede do município","km",68,{"v":0,"d":"0.0"},{"v":3.47,"d":"3.5"},{"v":13,"d":"13.0"},"-"]
["Área total","hectare",68,1.5,{"v":71.86,"d":"71.9"},{"v":2246,"d":"2,246.0"},{"v":4886.2,"d":"4,886.2"}]
["Área com cultura perene","hectare",4,0.1,{"v":52.13,"d":"52.1"},{"v":200,"d":"200.0"},208.5]
["Área com cultura temporária","hectare",58,0.1,{"v":70.71,"d":"70.7"},{"v":1854,"d":"1,854.0"},{"v":4101.3,"d":"4,101.3"}]
["Área com pastagem","hectare",29,1.1,{"v":7.47,"d":"7.5"},{"v":80,"d":"80.0"},216.7]
["Área com reflorestamento","hectare",8,0.6,{"v":6.98,"d":"7.0"},{"v":46,"d":"46.0"},55.8]
["Área com vegetação natural","hectare",35,0.1,{"v":3.07,"d":"3.1"},{"v":20,"d":"20.0"},107.6]
["Área com vegetação de brejo e várzea","hectare",23,0.1,{"v":3.37,"d":"3.4"},{"v":46,"d":"46.0"},77.4]
["Área em descanso","hectare",18,0.3,{"v":1.59,"d":"1.6"},4.3,28.7]
["Área complementar","hectare",38,0.1,{"v":2.37,"d":"2.4"},35.8,90.2]
["Área das UPAs com (0, 1] ha","hectare","-","-","-","-","-"]
["Área das UPAs com (1, 2] ha","hectare",3,1.5,{"v":1.63,"d":"1.6"},1.7,4.9]
["Área das UPAs com (2, 5] ha","hectare",8,2.9,{"v":4.04,"d":"4.0"},4.8,32.3]
["Área das UPAs com (5, 10] ha","hectare",18,5.4,{"v":7.54,"d":"7.5"},9.6,135.8]
["Área das UPAs com (10, 20] ha","hectare",11,{"v":12,"d":"12.0"},15.4,19.3,169.4]
["Área das UPAs com (20, 50] ha","hectare",18,21.1,{"v":32.76,"d":"32.8"},46.8,589.7]
["Área das UPAs com (50, 100] ha","hectare",2,53.2,{"v":54.45,"d":"54.5"},55.7,108.9]
["Área das UPAs com (100, 200] ha","hectare",3,113.9,122.2,130.3,366.6]
["Área das UPAs com (200, 500] ha","hectare",4,{"v":240,"d":"240.0"},{"v":308.15,"d":"308.2"},463.6,{"v":1232.6,"d":"1,232.6"}]
["Área das UPAs com (500, 1.000] ha","hectare","-","-","-","-","-"]
["Área das UPAs com (1.000, 2.000] ha","hectare","-","-","-","-","-"]
["Área das UPAs com (2.000, 5.000] ha","hectare",1,{"v":2246,"d":"2,246.0"},{"v":2246,"d":"2,246.0"},{"v":2246,"d":"2,246.0"},{"v":2246,"d":"2,246.0"}]
["Área das UPAs com (5.000, 10.000] ha","hectare","-","-","-","-","-"]
["Área das UPAs acima de 10.000 ha","hectare","-","-","-","-","-"]
["Familiares do proprietário que trabalham na UPA","unidade",25,{"v":1,"d":"1.0"},{"v":1.28,"d":"1.3"},{"v":3,"d":"3.0"},{"v":32,"d":"32.0"}]
["Trabalhadores permanentes","unidade",14,{"v":1,"d":"1.0"},{"v":29.43,"d":"29.4"},{"v":200,"d":"200.0"},{"v":412,"d":"412.0"}]
["Fonte: Secretaria de Agricultura e Abastecimento, CDRS/IEA, Projeto LUPA."]
[]
["TABELA 117.2 - Explorações Animais, Município de Canitar, Estado de São Paulo, 2007/08."]
["ITEM","UNIDADE","N.DE UPAs","MÍNIMO","MÉDIO","MÁXIMO","TOTAL"]
["Asininos E Muares","cabeças",3,{"v":1,"d":"1.0"},{"v":1,"d":"1.0"},{"v":1,"d":"1.0"},{"v":3,"d":"3.0"}]
["Avicultura de Corte","cabeças/ano",1,{"v":80,"d":"80.0"},{"v":80,"d":"80.0"},{"v":80,"d":"80.0"},{"v":80,"d":"80.0"}]
["Avicultura Ornamental/Decorativa/Exótica","cabeças",6,{"v":2,"d":"2.0"},{"v":9.17,"d":"9.2"},{"v":20,"d":"20.0"},{"v":55,"d":"55.0"}]
["Avicultura para Ovos","cabeças",10,{"v":5,"d":"5.0"},32.4,{"v":80,"d":"80.0"},{"v":324,"d":"324.0"}]
["Bovinocultura de Corte","cabeças",2,{"v":20,"d":"20.0"},20.5,{"v":21,"d":"21.0"},{"v":41,"d":"41.0"}]
["Bovinocultura Leiteira","cabeças",12,{"v":1,"d":"1.0"},{"v":6.67,"d":"6.7"},{"v":30,"d":"30.0"},{"v":80,"d":"80.0"}]
["Bovinocultura Mista","cabeças",8,{"v":1,"d":"1.0"},{"v":18.25,"d":"18.3"},{"v":99,"d":"99.0"},{"v":146,"d":"146.0"}]
["Caprinocultura","cabeças",2,{"v":10,"d":"10.0"},{"v":10,"d":"10.0"},{"v":10,"d":"10.0"},{"v":20,"d":"20.0"}]
["Codornicultura","cabeças",1,{"v":5,"d":"5.0"},{"v":5,"d":"5.0"},{"v":5,"d":"5.0"},{"v":5,"d":"5.0"}]
["Equinocultura","cabeças",8,{"v":1,"d":"1.0"},{"v":7.88,"d":"7.9"},{"v":30,"d":"30.0"},{"v":63,"d":"63.0"}]
["Ovinocultura","cabeças",1,{"v":28,"d":"28.0"},{"v":28,"d":"28.0"},{"v":28,"d":"28.0"},{"v":28,"d":"28.0"}]
["Suinocultura","cabeças",7,{"v":2,"d":"2.0"},{"v":6.29,"d":"6.3"},{"v":10,"d":"10.0"},{"v":44,"d":"44.0"}]
["Fonte: Secretaria de Agricultura e Abastecimento, CDRS/IEA, Projeto LUPA."]
[]
["TABELA 117.3 -  Máquinas, Implementos e Benfeitorias, Município de Canitar, Estado de São Paulo, 2007/08."]
["ITEM","UNIDADE","N.DE UPAs","MÍNIMO","MÉDIO","MÁXIMO","TOTAL"]
["Arado Comum (Bacia, Aiveca)","Unidade",4,{"v":1,"d":"1.0"},{"v":1,"d":"1.0"},{"v":1,"d":"1.0"},{"v":4,"d":"4.0"}]
["Arado Escarificador","Unidade",1,{"v":1,"d":"1.0"},{"v":1,"d":"1.0"},{"v":1,"d":"1.0"},{"v":1,"d":"1.0"}]
["Arado Subsolador","Unidade",4,{"v":1,"d":"1.0"},{"v":2,"d":"2.0"},{"v":3,"d":"3.0"},{"v":8,"d":"8.0"}]
["Batedeira de Cereais","Unidade",3,{"v":1,"d":"1.0"},{"v":1,"d":"1.0"},{"v":1,"d":"1.0"},{"v":3,"d":"3.0"}]
["Carregadeira de Cana","Unidade",2,{"v":1,"d":"1.0"},2.5,{"v":4,"d":"4.0"},{"v":5,"d":"5.0"}]
["Colhedeira Acoplada","Unidade",1,{"v":3,"d":"3.0"},{"v":3,"d":"3.0"},{"v":3,"d":"3.0"},{"v":3,"d":"3.0"}]
["Colhedeira Automotriz","Unidade",1,{"v":1,"d":"1.0"},{"v":1,"d":"1.0"},{"v":1,"d":"1.0"},{"v":1,"d":"1.0"}]
["Computador","Unidade",2,{"v":1,"d":"1.0"},{"v":1,"d":"1.0"},{"v":1,"d":"1.0"},{"v":2,"d":"2.0"}]
["Conj.Irrigação Convencional","Unidade",3,{"v":1,"d":"1.0"},{"v":1,"d":"1.0"},{"v":1,"d":"1.0"},{"v":3,"d":"3.0"}]
["Conjunto de Fenação","Unidade",4,{"v":1,"d":"1.0"},{"v":1,"d":"1.0"},{"v":1,"d":"1.0"},{"v":4,"d":"4.0"}]
["Desintegrador, Picador, Triturador","Unidade",10,{"v":1,"d":"1.0"},1.4,{"v":3,"d":"3.0"},{"v":14,"d":"14.0"}]
["Distribuidor de Calcário","Unidade",1,{"v":1,"d":"1.0"},{"v":1,"d":"1.0"},{"v":1,"d":"1.0"},{"v":1,"d":"1.0"}]
["Ensiladeira","Unidade",3,{"v":1,"d":"1.0"},{"v":1,"d":"1.0"},{"v":1,"d":"1.0"},{"v":3,"d":"3.0"}]
["Grade Aradora (Tipo Romi)","Unidade",3,{"v":1,"d":"1.0"},{"v":1,"d":"1.0"},{"v":1,"d":"1.0"},{"v":3,"d":"3.0"}]
["Grade Niveladora","Unidade",7,{"v":1,"d":"1.0"},{"v":1.86,"d":"1.9"},{"v":4,"d":"4.0"},{"v":13,"d":"13.0"}]
["Implementos para Tração Animal","Unidade",4,{"v":1,"d":"1.0"},2.5,{"v":6,"d":"6.0"},{"v":10,"d":"10.0"}]
["Misturador de Ração","Unidade",2,{"v":1,"d":"1.0"},{"v":1,"d":"1.0"},{"v":1,"d":"1.0"},{"v":2,"d":"2.0"}]
["Pulverizador Tratorizado","Unidade",3,{"v":1,"d":"1.0"},{"v":2.67,"d":"2.7"},{"v":6,"d":"6.0"},{"v":8,"d":"8.0"}]
["Semeadeira/Plantadeira Plantio Direto","Unidade",2,{"v":1,"d":"1.0"},2.5,{"v":4,"d":"4.0"},{"v":5,"d":"5.0"}]
["Terraceador","Unidade",1,{"v":2,"d":"2.0"},{"v":2,"d":"2.0"},{"v":2,"d":"2.0"},{"v":2,"d":"2.0"}]
["Trator de Esteiras","Unidade",1,{"v":1,"d":"1.0"},{"v":1,"d":"1.0"},{"v":1,"d":"1.0"},{"v":1,"d":"1.0"}]
["Trator de Pneus","Unidade",15,{"v":1,"d":"1.0"},3.4,{"v":17,"d":"17.0"},{"v":51,"d":"51.0"}]
["Açude/Represa","Unidade",9,{"v":1,"d":"1.0"},{"v":2,"d":"2.0"},{"v":5,"d":"5.0"},{"v":18,"d":"18.0"}]
["Adega Cantina","Unidade",1,{"v":1,"d":"1.0"},{"v":1,"d":"1.0"},{"v":1,"d":"1.0"},{"v":1,"d":"1.0"}]
["Almoxarifado/Oficina","Unidade",3,{"v":1,"d":"1.0"},{"v":1,"d":"1.0"},{"v":1,"d":"1.0"},{"v":3,"d":"3.0"}]
["Armazém para Grãos Ensacados","Sacas",2,{"v":1,"d":"1.0"},1.5,{"v":2,"d":"2.0"},{"v":3,"d":"3.0"}]
["Balança para Bovinos","Unidade",1,{"v":1,"d":"1.0"},{"v":1,"d":"1.0"},{"v":1,"d":"1.0"},{"v":1,"d":"1.0"}]
["Balança para Veículos","Unidade",2,{"v":1,"d":"1.0"},{"v":1,"d":"1.0"},{"v":1,"d":"1.0"},{"v":2,"d":"2.0"}]
["Barracão para Granja/Avicultura","Unidade",3,{"v":1,"d":"1.0"},{"v":1.33,"d":"1.3"},{"v":2,"d":"2.0"},{"v":4,"d":"4.0"}]
["Barracão/Galpão/Garagem","Unidade",7,{"v":1,"d":"1.0"},{"v":1.29,"d":"1.3"},{"v":3,"d":"3.0"},{"v":9,"d":"9.0"}]
["Casa de Moradia Habitada","Unidade",25,{"v":1,"d":"1.0"},{"v":6.64,"d":"6.6"},{"v":130,"d":"130.0"},{"v":166,"d":"166.0"}]
["Casa de Moradia Total","Unidade",18,{"v":1,"d":"1.0"},{"v":3.94,"d":"3.9"},{"v":35,"d":"35.0"},{"v":71,"d":"71.0"}]
["Curral/Mangueira","Unidade",14,{"v":1,"d":"1.0"},{"v":1.07,"d":"1.1"},{"v":2,"d":"2.0"},{"v":15,"d":"15.0"}]
["Depósito/Tulha","Unidade",20,{"v":1,"d":"1.0"},1.8,{"v":6,"d":"6.0"},{"v":36,"d":"36.0"}]
["Estábulo","Unidade",1,{"v":2,"d":"2.0"},{"v":2,"d":"2.0"},{"v":2,"d":"2.0"},{"v":2,"d":"2.0"}]
["Instalações para Equinos","Unidade",1,{"v":2,"d":"2.0"},{"v":2,"d":"2.0"},{"v":2,"d":"2.0"},{"v":2,"d":"2.0"}]
["Máquina de Benefício","Unidade",1,{"v":1,"d":"1.0"},{"v":1,"d":"1.0"},{"v":1,"d":"1.0"},{"v":1,"d":"1.0"}]
["Pocilga","Unidade",8,{"v":1,"d":"1.0"},2.5,{"v":7,"d":"7.0"},{"v":20,"d":"20.0"}]
["Poço Semi-Artesiano","Unidade",6,{"v":1,"d":"1.0"},{"v":1.17,"d":"1.2"},{"v":2,"d":"2.0"},{"v":7,"d":"7.0"}]
["Secador de Grãos","Unidade",1,{"v":1,"d":"1.0"},{"v":1,"d":"1.0"},{"v":1,"d":"1.0"},{"v":1,"d":"1.0"}]
["Silo para Grãos","t",3,{"v":1,"d":"1.0"},{"v":9.67,"d":"9.7"},{"v":24,"d":"24.0"},{"v":29,"d":"29.0"}]
["Terreiro","m²",8,{"v":1,"d":"1.0"},{"v":1276.63,"d":"1,276.6"},{"v":9800,"d":"9,800.0"},{"v":10213,"d":"10,213.0"}]
["Usina de Açúcar/destilaria","Unidade",1,{"v":1,"d":"1.0"},{"v":1,"d":"1.0"},{"v":1,"d":"1.0"},{"v":1,"d":"1.0"}]
["Fonte: Secretaria de Agricultura e Abastecimento, CDRS/IEA, Projeto LUPA."]
[]
["TABELA 117.4 - Outras Estatísticas Agrícolas, Município de Canitar, Estado de São Paulo, 2007/08."]
["ITEM","Número de UPAs",null,"Percentual"]
["Faz Parte de Associação de Produtores",21,null,{"v":30.88235294117647,"d":"30.9"}]
["Faz Parte de Cooperativa de Produtores",13,null,{"v":19.11764705882353,"d":"19.1"}]
["Faz Parte do Sindicato de Produtores",29,null,{"v":42.647058823529406,"d":"42.6"}]
["Não utiliza assistência técnica ",23,null,{"v":33.8235294117647,"d":"33.8"}]
["Utiliza somente assistência técnica governamental ",31,null,{"v":45.588235294117645,"d":"45.6"}]
["Utiliza somente assistência técnica privada ",9,null,{"v":13.235294117647058,"d":"13.2"}]
["Utiliza assistência técnica tanto governamental quanto privada",5,null,{"v":7.352941176470589,"d":"7.4"}]
["Utiliza Crédito Rural",9,null,{"v":13.23529411764706,"d":"13.2"}]
["Utiliza Seguro Rural","-",null,"-"]
["Utiliza Escrituração Agrícola",30,null,{"v":44.11764705882353,"d":"44.1"}]
["Acessa Internet p/ Fins na Agropecuária",12,null,{"v":17.647058823529413,"d":"17.6"}]
["Utiliza Computador nas Atividades Agropecuárias",13,null,{"v":19.11764705882353,"d":"19.1"}]
["Utiliza Energia Elétrica Para Uso na Atividade Agrícola",32,null,{"v":47.05882352941176,"d":"47.1"}]
["Realiza Análise de Solo, quando necessário",25,null,{"v":36.76470588235294,"d":"36.8"}]
["Utiliza Práticas de Conservação de Solo, quando necessário",54,null,{"v":79.41176470588235,"d":"79.4"}]
["Faz Adubação Mineral, quando necessário",44,null,{"v":64.70588235294117,"d":"64.7"}]
["Faz Adubação Orgânica, quando necessário",32,null,{"v":47.05882352941176,"d":"47.1"}]
["Faz Adubação Verde, quando necessário",2,null,{"v":2.9411764705882355,"d":"2.9"}]
["Utiliza Manejo Integrado de Pragas (MIP)",6,null,{"v":8.823529411764707,"d":"8.8"}]
["Utiliza Hidroponia","-",null,"-"]
["Utiliza Plasticultura",1,null,{"v":1.4705882352941178,"d":"1.5"}]
["Utiliza Mudas Fiscalizadas",11,null,{"v":16.176470588235293,"d":"16.2"}]
["Utiliza Semente Melhorada",17,null,{"v":25,"d":"25.0"}]
["Faz Confinamento de Bovinos",2,null,{"v":2.9411764705882355,"d":"2.9"}]
["Utiliza Pastejo Intensivo",1,null,{"v":1.4705882352941178,"d":"1.5"}]
["Faz Inseminação Artificial",1,null,{"v":1.4705882352941178,"d":"1.5"}]
["Faz Mineralização do Rebanho",7,null,{"v":10.294117647058822,"d":"10.3"}]
["Faz Vermifugação do Rebanho",10,null,{"v":14.705882352941178,"d":"14.7"}]
["Possui Parceiros /Arrendatários na Exploração Animal",2,null,{"v":2.9411764705882355,"d":"2.9"}]
["Esporte e lazer","-",null,"-"]
["Extração mineral","-",null,"-"]
["Hotel Fazenda, Pousada ou SPA","-",null,"-"]
["Pesque-pague","-",null,"-"]
["Restaurante ou Lanchonete","-",null,"-"]
["Transformação artesanal","-",null,"-"]
["Turismo rural ou ecoturismo","-",null,"-"]
["Outras atividades econômicas rurais",1,null,{"v":1.4705882352941178,"d":"1.5"}]
["Agroindústria","-",null,"-"]
["Proprietário sem instrução ou com instrução incompleta",6,null,{"v":8.823529411764707,"d":"8.8"}]
["Proprietário com antigo primário completo",40,null,{"v":58.82352941176471,"d":"58.8"}]
["Proprietário com 1° grau (ou antigo ginasial) completo",4,null,{"v":5.882352941176471,"d":"5.9"}]
["Proprietário com 2° grau (ou antigo colegial) completo",5,null,{"v":7.352941176470589,"d":"7.4"}]
["Proprietário com curso superior completo ",9,null,{"v":13.23529411764706,"d":"13.2"}]
["Pessoa Jurídica",4,null,{"v":5.882352941176471,"d":"5.9"}]
["Proprietário residente na própria UPA ",11,null,{"v":16.176470588235293,"d":"16.2"}]
["Fonte: Secretaria de Agricultura e Abastecimento, CDRS/IEA, Projeto LUPA."]
[]
["TABELA 117.5 - Área Cultivada, Município de Canitar, Estado de São Paulo, 2007/08."]
["CULTURA","N.DE UPAs","MÍNIMO","MÉDIO","MÁXIMO","TOTAL"]
["Cana-de-acucar",52,{"v":3,"d":"3.0"},{"v":76.03,"d":"76.0"},{"v":1750,"d":"1,750.0"},{"v":3953.4,"d":"3,953.4"}]
["Cafe",4,0.1,{"v":52.13,"d":"52.1"},{"v":200,"d":"200.0"},208.5]
["Outras gramineas para pastagem",9,0.5,{"v":13.86,"d":"13.9"},{"v":80,"d":"80.0"},124.7]
["Soja",2,{"v":12,"d":"12.0"},{"v":56,"d":"56.0"},{"v":100,"d":"100.0"},{"v":112,"d":"112.0"}]
["Eucalipto",7,0.6,{"v":7.89,"d":"7.9"},{"v":46,"d":"46.0"},55.2]
["Braquiaria",7,1.5,{"v":6.17,"d":"6.2"},22.4,43.2]
["Outras leguminosas para pastagem",4,3.9,{"v":8.18,"d":"8.2"},{"v":16,"d":"16.0"},32.7]
["Milho",6,1.5,{"v":4.77,"d":"4.8"},{"v":12,"d":"12.0"},28.6]
["Gramas",6,{"v":1,"d":"1.0"},3.3,{"v":6,"d":"6.0"},19.8]
["Alfafa",6,{"v":1,"d":"1.0"},{"v":3.18,"d":"3.2"},7.2,19.1]
["Horta domestica",1,7.2,7.2,7.2,7.2]
["Capim-napier (ou capim-elefante)",1,1.1,1.1,1.1,1.1]
["Outras florestais",1,0.6,0.6,0.6,0.6]
["Mandioca",1,0.1,0.1,0.1,0.1]
["Fonte: Secretaria de Agricultura e Abastecimento, CDRS/IEA, Projeto LUPA."]